000 00305nam a2200109 a 4500
005 20240306073910.0
008 130805s1972 000 spa d
100 1 _aMartí, José,
_d1853-1895
_9645
245 0 _aAntología minina.
260 _aLa Habana-- Ciencia sociales,
_c1972-- 411 p.
999 _c39550
_d39550
040 _aDO-SdBNP